Marvel Cinematic Universe Villains - Statistics

General Stats
  • This quiz has been taken 21 times
  • The average score is 22 of 46
Answer Stats
Hint Answer % Correct
Captain America: The Winter Soldier The Winter Soldier
95%
Avengers: Age of Ultron Ultron
95%
Thor Loki
84%
The Avengers Loki
84%
Avengers: Infinity War Thanos
84%
Avengers: Endgame Thanos
84%
Captain America: The First Avenger The Red Skull
79%
Iron Man Iron Monger
74%
Iron Man 2 Whiplash
74%
The Incredible Hulk Abomination
68%
Spider-Man: No Way Home Green Goblin
68%
Captain America: Civil War Baron Zemo
63%
Thor: Ragnarok Hela
63%
Spider-Man: Far From Home Mysterio
63%
Thor: The Dark World Malekith the Accursed
58%
Spider-Man: Homecoming The Vulture
58%
Shang-Chi and the Legend of the Ten Rings Xu Wenwu
58%
Iron Man 3 Aldrich Killian
53%
Guardians of the Galaxy Vol. 2 Ego
53%
The Fantastic Four: First Steps Galactus
53%
Black Panther Killmonger
53%
Guardians of the Galaxy Ronan the Accuser
53%
Doctor Strange in the Multiverse of Madness The Scarlet Witch
53%
Ant-Man Yellowjacket
53%
Ant-Man and the Wasp Ghost
47%
Ant-Man and the Wasp: Quantumania Kang the Conqueror
47%
Black Widow Taskmaster
47%
Thunderbolts* Void
47%
Thor: Love and Thunder Gorr the God Butcher
42%
Eternals Ikaris
37%
Iron Man 2 Justin Hammer
37%
Black Panther: Wakanda Forever Namor
37%
Thor: Ragnarok Surtur
37%
Doctor Strange Kaecilius
32%
Thor: Ragnarok The Grandmaster
32%
Deadpool and Wolverine Cassandra Nova
26%
Guardians of the Galaxy Vol. 3 The High Evolutionary
26%
Captain Marvel Yon-Rogg
26%
Captain America: The Winter Soldier Alexander Pierce
21%
Eternals Kro
21%
Captain America: Brave New World The Leader
16%
Eternals Arishem
11%
Black Widow General Dreykov
11%
Thunderbolts* Valentina Allegra de Fontaine
11%
The Marvels Dar-Benn
5%
Deadpool and Wolverine Mr. Paradox
5%
No matching quizzes found
Score Distribution
Percent of People with Each Score
Percentile by Number Answered
Your Score History
You have not taken this quiz